| 000 | 00997nam a2200289 i 4500 | ||
|---|---|---|---|
| 001 | bg | ||
| 100 | 1 | _aWACZYŃSKI, Krzysztof | |
| 245 | 1 | 0 |
_aTechnologie mikroelektroniczne : _bmetody wytwarzania materiałów i struktur półprzewodnikowych / _cKrzysztof Waczyński, Edyta Wróbel. |
| 260 |
_aGliwice : _bWydawnictwo Politechniki Śląskiej, _c2006. |
||
| 300 |
_a283 s. : _brys., wykr. ; _c24 cm. |
||
| 504 | _aBibliogr. | ||
| 650 | 9 |
_aPółprzewodniki _xtechnologia |
|
| 650 | 9 |
_aPółprzewodniki _xmateriały |
|
| 650 | 9 |
_aMikroelektronika _xtechnologia |
|
| 655 | _aPodręczniki akademickie | ||
| 700 | 1 | _aWRÓBEL, Edyta | |
| 020 | _a9788373353626 | ||
| 020 | _a8373353626 | ||
| 040 | _cBPK | ||
| 041 | 0 | _apol | |
| 080 | _a666.65:621.382](075.8) | ||
| 920 | _a978-83-7335-362-6 | ||
| 920 | _a83-7335-362-6 | ||
| 942 | _cKS | ||
| 008 | s pl f |000 0 pol | ||
| 999 |
_c53030 _d53030 |
||
| 856 |
_uhttp://koha.tu.koszalin.pl/cgi-bin/koha/opac-detail.pl?biblionumber=53030 _yKatalog online BPK |
||